000
00300nam a22001337a 4500
008
180308b xxu||||| |||| 00| 0 eng d
020
_a
9780072976359
041
_a
eng
080
_a
330.322
100
_a
53
101
_a
INV
245
_a
FUNDAMENTALS INVESTMENTS
_c
JORDAN.CH.J
942
_2
udc
_c
BK
999
_c
44462
_d
44462